00901nam a2200241Ia 4500001000600000003000900006008004100015040001300056040001300069041001300082100001600095100002900111245003500140245003500175250001100210260002000221260001900241260004900260300004300309500024900352650002700601650003100628 7168IT-RoPAU130308s9999 xx 000 0 und d aIT-RoPAU cIT-RoPAU aITALIANO aHohoff Curt gCodice Aut. SPICS: 5441 aHeinrich Von Kleist, 1777-1977 bHeinrich Von Kleist, 1777-1977 a1a ed. aBONN/BAD GODES. bInter Nationes c1977 [1° Ed.:1977 - Ed.Ling.Originale:1958] a"180 p. (prefazione: no ; testo: 180)" aVita e Opere di Heinrich Von Kleist rivista Phobus la Famiglia Schroffenstein Roberto Guiscardo la Brocca rotta Anfitrione Pentesilea Caterina la battaglia di Arminio Michele Kohlhaas le Novelle Il Principe di Homburg Il Teatro delle Marionette aAUTORI/OPERE DI TEATRO eCodice materia Spics: 8407